00173nam a2200085Ia 4500008004100000041000800041100000900049245002000058650000900078230605s9999 xx 000 0 und d aeng aKasu aInterior design aH.K.